Airlines Logo Medium 2 - Statistics

General Stats
  • This quiz has been taken 63 times
  • The average score is 8 of 16
Answer Stats
Picture Answer % Correct
Japan
86%
Finnair
76%
Iberia
76%
Pakistan
73%
Saudia
65%
New Zealand
62%
Phillippines
57%
Alaskan
49%
Fiji
43%
Garuda Indonesia
43%
Gulf Air
38%
Vietnam
38%
Condor
35%
Vistara
35%
Air Berlin
30%
Air Arabia
27%
No matching quizzes found
Score Distribution
Percent of People with Each Score
Percentile by Number Answered
Your Score History
You have not taken this quiz